Elenca la formazione - Quiz n°322 - Statistics

Statistiche generali
  • Questo quiz è stato fatto 99 volte
  • Il punteggio medio è 9 su 11
Statistiche sulle risposte
Ruolo Club dell'epoca Calciatore % Corretto
Portiere Bayern Monaco Manuel Neuer
100%
Difensore Real Madrid Antonio Rüdiger
99%
Centrocampista Manchester City İlkay Gündoğan
92%
Difensore Bayern Monaco Joshua Kimmich
88%
Trequartista Bayern Monaco Jamal Musiala
85%
Ala Bayern Monaco Leroy Sané
85%
Attaccante Bayern Monaco Thomas Müller
79%
Centrocampista Bayern Monaco Leon Goretzka
76%
Ala Bayern Monaco Serge Gnabry
76%
Difensore Borussia Dortmund Niklas Süle
67%
Difensore Red Bull Lipsia David Raum
33%
Nessun quiz corrispondente trovato
Distribuzione punteggi
Percentuale di utenti per punteggio
Percentile per numero di risposta
I tuoi punteggi nel tempo
Non hai fatto questo quiz